000
00295nam a2200109Ia 4500
008
220204s9999 xx 000 0 und d
082
_a
633.2.03
_b
MCI
100
_a
Mcilroy, R J
245
0
_a
Introduction ot tropical grassland husbandry
260
_a
London
_b
Oxford Univ Press
_c
1964
942
_c
BK
999
_c
21856
_d
21856